Liturgia en construcción (Record no. 89808)

MARC details
000 -LEADER
campo de control de longitud fija 00730nam a2200217 i 4500
001 - NÚMERO DE CONTROL
campo de control 89808
003 - IDENTIFICADOR DE NÚMERO DE CONTROL
campo de control ES-MaACL
005 - FECHA Y HORA DE LA ÚLTIMA TRANSACCIÓN
campo de control 20230906180254.0
007 - CAMPO FIJO DE DESCRIPCIÓN FÍSICA--INFORMACIÓN GENERAL
campo de control de longitud fija t|
008 - DATOS DE LONGITUD FIJA--INFORMACIÓN GENERAL
campo de control de longitud fija 050113s1967 sp ||||1| spa d
100 1# - ENTRADA PRINCIPAL--NOMBRE DE PERSONA
Nombre de persona Laurentin, André.
9 (RLIN) 70641
245 10 - MENCIÓN DEL TÍTULO
Título Liturgia en construcción
Resto del título : los gestos del celebrante /
Mención de responsabilidad, etc. por André Laurentin ; presentación de M.D. Chenu.
260 ## - PUBLICACIÓN, DISTRIBUCIÓN, ETC.
Lugar de publicación, distribución, etc. Madrid :
Nombre del editor, distribuidor, etc. Marova,
Fecha de publicación, distribución, etc. [1967]
300 ## - DESCRIPCIÓN FÍSICA
Extensión 179 p. ;
Dimensiones 21 cm.
490 1# - MENCIÓN DE SERIE
Mención de serie Colección "Christus Pastor" ;
Designación de volumen o secuencia 19
650 #4 - PUNTO DE ACCESO ADICIONAL DE MATERIA--TÉRMINO DE MATERIA
Término de materia o nombre geográfico como elemento de entrada Gestos litúrgicos.
9 (RLIN) 163666
700 1# - ENTRADA AGREGADA--NOMBRE PERSONAL
Nombre de persona Chenu, Marie-Dominique (
Fechas asociadas al nombre 1895-1990)
9 (RLIN) 38350
830 0# - PUNTO DE ACCESO ADICIONAL DE SERIE-TÍTULO UNIFORME
Título uniforme Colección "Christus Pastor" ;
Designación de volumen o secuencia 19
9 (RLIN) 231912
852 ## - LOCALIZACIÓN
Ubicación ES-MaACL
Número de control de estantería C-33617
Sublocalización o colección R.64599
Holdings
Estatus retirado Estado de pérdida Estado de daño No para préstamo Biblioteca de origen Biblioteca actual Ubicación en estantería Fecha de adquisición Fuente de adquisición Total de préstamos Signatura topográfica completa Código de barras Visto por última vez Precio de reemplazo Tipo de ítem Koha
        Biblioteca del Ateneo de Madrid Biblioteca del Ateneo de Madrid Depósito 2 17/01/2008     C-33617 1093790 23/02/2023 23/02/2023 Libro impreso